1232 1322 1411 1437 1987 1013 1971 1011 1565 1847 1680 1354 1183 1239 1365 1568 1966 1938 1826 1403 1228 1086 1396 1570 1690 1655 1477 1898 1985 1696 1968 1948 1154 1309 1259 1793 1129 1686 1978 1488 1673 1036 1152 1810 1072 1487 1770 1974 1319 1905 1996 1066 1576 1652 1008 1221 1282 1831 1193 1571 1146 1305 1491 1841 1561 1389 1442 1682 1207 1573 1473 1897 1052 1189 1368 1511 1818 1431 1095 1119 1017 1213 1964 1478 1228 1386 1845 1456 1010 1143 1406 1894 1472 1533 1597 1224 1160 1073 1332 BCNSPRNW ULIB Ver.6.0+V

เปลี่ยนเป็นภาษาไทย

Change to English
 แสดงรายละเอียดบรรณานุกรม
  กลับหน้าหลัก

Brief Record : Get Marc (ISO 2709) : E-mail record : QR code < ปิดหน้าต่าง
LEADER : 00000nam 2200000uu 4500
001    13399111525
003     ULIB
008    110630s||||||||th 000 0 tha d
020    9786111100136
050  4 PE1127^bซ114E 2552
100 1  Schwarz, Peter C.
245 10 English for nursing and health care students /^cPeter C.Schwarz and Amporn Thiengtrongdee
250    1st ed.
260    Nonthaburi :^bBook Project Praboromarajchanok Institute Ministry of Public Health,^c[2009]
300    106 p. :^bill. ;^c21 cm.
650  0 English language^xconversation and phrase books (for medical personnel)
650  0 Communication in nursing
650  0 Communication in medicine
700 1  ซวอตซ์, ปีเตอร์ ซี.
700 0  Amporn Thiengtrongdee
710 2  Praboromarajchanok Institute. ^bBook Project
945    ^p250^l0^i028937
945    ^p250^l0^i026394
945    ^p250^l0^i026393
945    ^p250^l0^i026063
945    ^p250^l0^i026062
945    ^p250^l0^i026395
945    ^p250^l0^i026061
995    ทศพร
999 ^a ใช้งานได้ทุกระบบ
รายการนี้ยังไม่มีแท็ก
คุณยังไม่ได้ล็อกอิน คุณสามารถมีกิจกรรมร่วมกับเว็บไซต์ได้ แต่ต้องล็อกอินก่อน ::
  ล็อกอิน

รายการสื่อสารสนเทศ

ลำดับที่ ประเภท เลขเรียก/บาร์โค้ด สถานที่ สถานะ
1. วิทยาศาสตร์การแพทย์ และสุขภาพ
วิทยาศาสตร์การแพทย์ และสุขภาพ
สถานะ=หนังสือเก่า
PE1127 ซ114E 2552 ฉ.3 
  Barcode: 026063
ห้องสมุดวิทยาเขตสวรรค์ประชารักษ์
►หนังสือทั่วไป
ถูกยืม กำหนดส่งวันที่ 11 เมษายน 2568
  จอง

รายการใกล้เคียง
    ผู้แต่ง [Schwarz, Peter C.]

    หัวเรื่อง [Communication in nursing]
    หัวเรื่อง [Communication in medicine]

BibComment


ยังไม่เคยถูกคอมเมนท์

คอมเมนท์ทรัพยากรรายการนี้
  คอมเมนท์: English for nursi..


 Copyright 2026. Bcnsprnw @Library